| Tag |
First Indicator |
Second Indicator |
Subfields |
| LEADER |
00000cam a2200000 a 4500 |
| 001 |
in00002138564 |
| 006 |
m e d # |
| 007 |
cr mn mmmmabba |
| 008 |
840222s1791 pau s 000 0 ger d |
| 005 |
20260330213356.3 |
| 035 |
|
|
|z w020968
|
| 035 |
|
|
|a MAAR8402221033B
|
| 035 |
|
|
|9 mwa91-29447
|
| 035 |
|
|
|a 332946
|
| 035 |
|
|
|a aas03020968
|
| 040 |
|
|
|a MWA
|c MWA
|e bdrb
|d UtOrBLW
|
| 041 |
1 |
|
|a ger
|h eng
|
| 100 |
1 |
|
|a Benezet, Anthony,
|d 1713-1784.
|
| 240 |
1 |
0 |
|a Short account of the people called Quakers.
|l German
|
| 245 |
1 |
0 |
|a Kurzer Bericht von den Leuten, die man Quäker nennet :
|b ihrem Ursprung, ihren Religionsgründen, und von ihrer Niederlassung in America. /
|c Meistentheils aus verschiedenen Autores zusammen gezogen, zum Unterricht aller aufrichtigen Nachforscher, und insonderheit für Ausländer. Durch Anton Benezet. ; Aus dem Englischen übersetzt.
|
| 264 |
|
1 |
|a Philadelphia :
|b Gedruckt bey Carl Cist, Num. 104. in der Zweyten-Strasse, nahe am Eck der Rehs-Strasse,
|c 1791.
|
| 300 |
|
|
|a 36 pages ;
|c 19 cm. (duodecimo)
|
| 336 |
|
|
|a text
|b txt
|2 rdacontent
|
| 337 |
|
|
|a computer
|b c
|2 rdamedia
|
| 338 |
|
|
|a online resource
|b cr
|2 rdacarrier
|
| 500 |
|
|
|a Translation of: Benezet, Anthony. A short account of the people called Quakers.
|
| 510 |
4 |
|
|a Evans
|c 23175
|
| 530 |
|
|
|a Microform version available in the Readex Early American Imprints series.
|
| 533 |
|
|
|a Electronic text and image data.
|b [Chester, Vt. :
|c Readex, a division of Newsbank, Inc.,
|d 2002-2004.
|e Includes files in TIFF, GIF and PDF formats with inclusion of keyword searchable text.
|f (Early American imprints. First series ; no. 23175).
|
| 500 |
|
|
|a Electronic resource.
|
| 650 |
|
0 |
|a Society of Friends.
|
| 752 |
|
|
|a United States
|b Pennsylvania
|d Philadelphia.
|
| 830 |
|
0 |
|a Early American imprints.
|n Series I,
|p Evans (1639-1800) ;
|v no. 23175.
|
| 856 |
4 |
1 |
|u http://proxy.library.tamu.edu/login?url=https://opac.newsbank.com/select/evans/23175
|y Evans Digital Edition
|t 0
|
| 999 |
|
|
|a MARS
|
| 999 |
f |
f |
|s b5faf5e0-356f-322c-a21d-e0fbf97336a0
|i 47ea291b-ca1c-35f0-beb9-251c76cae151
|t 0
|
| 952 |
f |
f |
|a Texas A&M University
|b College Station
|c Electronic Resources
|s www_evans
|d Available Online
|t 0
|h No information provided
|
| 998 |
f |
f |
|t 0
|l Available Online
|